Statistics for Lana Del Rey - 24 Lyrics

Click here to take the quiz!

General Stats

  • This quiz has been taken 24 times
  • The average score is 179 of 216

Answer Stats

Answer% Correct
24
95%
da
95%
day
95%
hours
95%
in
95%
love
95%
me
95%
only
95%
the
95%
There's
95%
to
95%
To
95%
You
95%
you
95%
a
90%
And
90%
and
90%
half
90%
If
90%
lie
90%
of
90%
like
86%
my
86%
those
86%
Be
81%
enough
81%
little
81%
not
81%
Or
81%
that
81%
that's
81%
your
81%
careful
76%
dogs
76%
down
76%
for
76%
For
76%
get
76%
Give
76%
La
76%
lay
76%
many
76%
then
76%
ways
76%
with
76%
With
76%
Between
71%
company
71%
di
71%
dying
71%
sheets
71%
you'll
71%
all
67%
as
67%
diamonds
67%
fleas
67%
heat
67%
keep
67%
lying
67%
murder
67%
reach
67%
so
67%
they
67%
they're
67%
touch
67%
While
67%
You're
67%
awake
62%
choose
62%
cold
62%
count
62%
hard
62%
Hm
62%
hm
62%
ones
62%
pay
62%
them
62%
thoughts
62%
three
62%
say
57%
you'd
57%
carnage
52%
crooked
52%
hit
52%
street
52%
things
52%
leave
48%
most
48%
paid
48%
words
43%

Score Distribution

Percentile by Number Answered

Percent of People with Each Score

Your Score History

You have not taken this quiz